Společensky odpovědné chování se firmám vyplácí

Gespeichert in:
Bibliographische Detailangaben
1. Verfasser: Jones, David
Weitere Verfasser: Škapová, Hana
Format: Buch
Sprache:Tschechisch
Englisch
Veröffentlicht: Praha Management Press 2014
Ausgabe:1. vydání
Schlagworte:
Tags: Tag hinzufügen
Keine Tags, Fügen Sie das erste Tag hinzu!

MARC

LEADER 00000nam a2200000 4500
001 0248106
005 20240313133520.0
020 |a 978-80-7261-269-7 
041 0 |a cze 
041 0 |a eng 
044 |a CZ 
245 1 0 |a Společensky odpovědné chování se firmám vyplácí  |c David Jones ; přeložlia: Hana Škapová 
250 |a 1. vydání 
264 1 |a Praha  |b Management Press  |c 2014 
300 |a 191 s. 
610 2 0 |a firmy 
610 2 0 |a správanie 
610 2 0 |a podnikanie 
610 2 0 |a zodpovednosť podniku spoločenská 
610 2 0 |a stratégia podniková 
610 2 0 |a konkurencieschopnosť 
610 2 0 |a značky 
610 2 0 |a meno obchodné 
610 2 0 |a spokojnosť zákazníkov 
610 2 0 |a siete sociálne 
610 2 0 |a úspech pracovný 
610 2 0 |a vodcovstvo 
610 2 0 |a štúdie prípadové 
610 2 0 |a koncepcie 
610 2 0 |a technológie nové 
100 1 |a Jones, David 
700 1 |a Škapová, Hana